Statistics for Ten Basic Cloud Types

Click here to take the quiz!

General Stats

  • This quiz has been taken 19 times
  • The average score is 4 of 10

Answer Stats

Cloud% Correct
Cirrus
83%
Cumulonimbus
67%
Cumulus
61%
Stratus
61%
Altostratus
33%
Cirrostratus
33%
Altocumulus
22%
Nimbostratus
22%
Stratocumulus
22%
Cirrocumulus
11%

Score Distribution

Percentile by Number Answered

Percent of People with Each Score

Your Score History

You have not taken this quiz